000 02880nam a22003617a 4500
005 20080927144446.0
008 080927t xxu||||| |||| 00| 0 eng d
010 _aB-317150-160
020 _a8122310109
_c150.00
020 _a9788122310108
_c150.00
035 _aB-317150-160
037 _bUBH
040 _adpl
_bEnglish
082 _a170
100 _aPrasoon, Shrikant
245 _aChanakya :
_bthe guru of governance /
_cby Shrikant Prasoon
260 _aNew Delhi
_bPustak Mahal
_c2008
270 _aJ-3/16, Daryaganj,
_bNew Delhi
_e110002
_k23276539, 23272783, 23272784
_l011-23260518
_minfo@pustakmahal.com
300 _a221 p.
_c21 cm. (pbk)
942 _2ddc
_cEN
_h170
_mPRA
999 _c15850
_d15850